000
00342nam a2200133Ia 4500
008
230901s2007 xx 000 0 und d
041
_a
eng
082
_a
610.73069/CAT
100
_a
CATALANO
245
_a
NURSING NOW TODAY'S ISSUES, TOMORROW'S TRENDS
260
_b
JAPEE. BRO.
_c
2007
300
_a
138
650
_a
NURSING ADMINISTRATION
999
_c
865902
_d
865902